Typologie osobnosti pro manažery kdo jsem já, kdo jste vy?

Na minha lista:
Detalhes bibliográficos
Autor principal: Čakrt, Michal
Formato: Livro
Idioma:tcheco
Publicado em: Praha Management Press 2001
Assuntos:
Tags: Adicionar Tag
Sem tags, seja o primeiro a adicionar uma tag!

MARC

LEADER 00000nam a2200000 4500
001 c129683
005 20221124104330.2
020 |a 80-85943-12-3 
041 0 |a cze 
044 |a CZ 
245 1 0 |a Typologie osobnosti pro manažery  |b kdo jsem já, kdo jste vy?  |c Michal Čakrt 
264 1 |a Praha  |b Management Press  |c 2001 
300 |a 257 s. 
610 2 0 |a osobnosť 
610 2 0 |a typológia 
610 2 0 |a typológia pracovníkov 
610 2 0 |a manažéri 
610 2 0 |a dotazníky 
610 2 0 |a rozhodovanie 
610 2 0 |a správanie 
610 2 0 |a prejavy 
610 2 0 |a pracovníci riadiaci 
610 2 0 |a pracovníci vedúci 
100 1 |a Čakrt, Michal